[Event "DEM U12w 2016"]
[Site "Willingen GER"]
[Date "2016.05.16"]
[Round "3"]
[White "Khamenya, Vitalia"]
[Black "Glinzner, Alva"]
[Result "1-0"]
[Termination "normal"]
[Board "4"]
[WhiteElo "1611"]
[BlackElo "1518"]
[WhiteClock "00:04:21"]
[BlackClock "00:01:54"]
[PlyCount "69"]
[WhiteFideId "12959260"]
[BlackFideId "16206169"]
[EventCountry "GER"]
[EventRounds "11"]
[EventType "swiss"]
[EventDate "2016.05.14"]

1. d4 d5 2. e3 Nf6 3. Bd3 e6 4. Nd2 c5 5. c3 Nc6 6. Nh3 Bd6 7. f4 Qc7 8. O-O b6
9. Nf2 Bb7 10. Nf3 O-O-O 11. Bd2 Kb8 12. Ne5 Bxe5 13. fxe5 Nd7 14. b4 c4 15.
Be2 Rdf8 16. Bc1 b5 17. a4 a6 18. axb5 axb5 19. e4 dxe4 20. Nxe4 Nxb4 21. Ng5
Nd5 22. Qd2 N7b6 23. Ba3 b4 24. cxb4 c3 25. Qd3 Re8 26. b5 Nc8 27. Rxf7 Qd8 28.
Ne4 h6 29. Nc5 Nde7 30. Nxb7 Kxb7 31. Qe4+ Qd5 32. Qd3 c2 33. Bf3 Qxf3 34.
Qxf3+ Kb8 35. Bxe7 1-0

[Event "DEM U12w 2016"]
[Site "Willingen GER"]
[Date "2016.05.16"]
[Round "3"]
[White "Bardorz, Jana"]
[Black "Pavlov, Liliane"]
[Result "1-0"]
[Termination "normal"]
[Board "5"]
[WhiteElo "1485"]
[BlackElo "1445"]
[PlyCount "65"]
[WhiteFideId "16208897"]
[BlackFideId "16225449"]
[EventCountry "GER"]
[EventRounds "11"]
[EventType "swiss"]
[EventDate "2016.05.14"]

1. e4 e6 2. d4 c5 3. Nf3 cxd4 4. Nxd4 Nf6 5. Bd3 Bc5 6. Nb3 Be7 7. O-O d5 8.
exd5 Nxd5 9. Qg4 Bf6 10. Qe4 Nc6 11. N1d2 Ndb4 12. Bb5 O-O 13. c3 a6 14. Bc4
Nd5 15. Bd3 g6 16. Nf3 Bg7 17. h4 f5 18. Qe2 e5 19. Bc4 Kh8 20. Rd1 Be6 21. Ng5
Bg8 22. Be3 f4 23. Bc5 Rf6 24. Ne4 Rf5 25. Bxd5 Bxd5 26. Nd6 f3 27. Qe3 Rf4 28.
Rxd5 Qxh4 29. gxf3 Qg5+ 30. Kf1 Qh4 31. Ke2 Bh6 32. Qd3 Raf8 33. Ne4 1-0

[Event "DEM U12w 2016"]
[Site "Willingen GER"]
[Date "2016.05.16"]
[Round "3"]
[White "Schneider, Katharina"]
[Black "Bayer, Melissa"]
[Result "1/2-1/2"]
[Termination "normal"]
[Board "6"]
[WhiteElo "1565"]
[BlackElo "1484"]
[PlyCount "120"]
[WhiteFideId "16200519"]
[BlackFideId "16206916"]
[EventCountry "GER"]
[EventRounds "11"]
[EventType "swiss"]
[EventDate "2016.05.14"]

1. e4 e5 2. Nf3 Nc6 3. d4 exd4 4. Bc4 Nf6 5. e5 d5 6. Bb5 Ne4 7. Nxd4 Bd7 8.
Bxc6 bxc6 9. O-O Be7 10. f3 Ng5 11. f4 Ne4 12. Be3 Qc8 13. Nd2 Bg4 14. Qe1 Nxd2
15. Qxd2 c5 16. Nc6 Qd7 17. Nxe7 Kxe7 18. Bxc5+ Ke8 19. Qf2 Bf5 20. c3 c6 21.
Rad1 h5 22. c4 Be4 23. f5 Kd8 24. cxd5 Bxd5 25. Qh4+ Kc7 26. f6 g6 27. Qf4 Qe6
28. b3 Rhe8 29. Bd6+ Kd7 30. Qb4 Qg4 31. Qxg4+ hxg4 32. Rf4 Be6 33. Bc5+ Kc7
34. Bd6+ Kd7 35. Rfd4 Kc8 36. Be7 Bd5 37. Rxg4 Kd7 38. Bd6 Ke6 39. Ra4 Rec8 40.
Ra6 Kf5 41. Re1 Ke6 42. Bc5 Rc7 43. Bd6 Rb7 44. Ra4 Rb5 45. Rb4 Rxb4 46. Bxb4
a5 47. Bd6 a4 48. Rb1 axb3 49. axb3 Ra2 50. Kf1 Rxg2 51. b4 Rxh2 52. Re1 Rb2
53. Re3 Bc4+ 54. Ke1 Rb3 55. Rxb3 Bxb3 56. Ke2 Bd5 57. Kf2 Kf5 58. Kg3 g5 59.
Bc7 g4 60. Bd6 Be6 1/2-1/2

[Event "DEM U12w 2016"]
[Site "Willingen GER"]
[Date "2016.05.16"]
[Round "3"]
[White "Ortlepp, Klaudia"]
[Black "Visvikis, Kassandra"]
[Result "1-0"]
[Termination "normal"]
[Board "7"]
[WhiteElo "1407"]
[BlackElo "1342"]
[PlyCount "151"]
[WhiteFideId "16206045"]
[BlackFideId "36052167"]
[EventCountry "GER"]
[EventRounds "11"]
[EventType "swiss"]
[EventDate "2016.05.14"]

1. e4 e5 2. Nf3 Nc6 3. d4 exd4 4. Bc4 Nf6 5. O-O Nxe4 6. Re1 d5 7. Bxd5 Qxd5 8.
Nc3 Qh5 9. Nxe4 Be6 10. Neg5 O-O-O 11. Nxe6 fxe6 12. Rxe6 Bd6 13. Bg5 Rhf8 14.
h3 Rde8 15. Qe2 Ne5 16. Rxe8+ Rxe8 17. Bd2 Nxf3+ 18. Qxf3 Qxf3 19. gxf3 Re2 20.
Rd1 Kd7 21. Kf1 Re5 22. Bf4 Rd5 23. Bxd6 Rxd6 24. Ke2 c5 25. Rg1 g6 26. Kd3 Rb6
27. b3 Rf6 28. Rg3 Kc6 29. Ke4 Kd6 30. Rg1 Rf5 31. Rg4 Ke6 32. f4 Kf6 33. h4 h6
34. f3 b6 35. a3 a6 36. a4 a5 37. Kd3 h5 38. Ke4 hxg4 39. fxg4 Rxf4+ 40. Kxf4
Ke6 41. Kg5 Kf7 42. Kh6 Kf6 43. g5+ Kf5 44. Kg7 Ke4 45. Kxg6 Ke3 46. h5 Kd2 47.
h6 Kxc2 48. h7 d3 49. h8=Q d2 50. Qh2 Kc1 51. Qh1+ d1=Q 52. Qxd1+ Kxd1 53. Kf7
Kc2 54. g6 Kxb3 55. g7 c4 56. g8=Q c3 57. Qg3 Kb2 58. Ke6 c2 59. Qe5+ Ka2 60.
Qc3 Kb1 61. Qb3+ Kc1 62. Qxb6 Kd1 63. Qd4+ Ke2 64. Qc3 Kd1 65. Qd3+ Kc1 66. Kd5
Kb1 67. Qb3+ Ka1 68. Qc3+ Kb1 69. Kc5 c1=Q 70. Qxc1+ Kxc1 71. Kb5 Kc2 72. Kxa5
Kc3 73. Kb5 Kd4 74. a5 Kd5 75. a6 Kd6 76. a7 1-0

[Event "DEM U12w 2016"]
[Site "Willingen GER"]
[Date "2016.05.16"]
[Round "3"]
[White "Kiesel, Lara"]
[Black "Otterpohl, Isabel"]
[Result "0-1"]
[Termination "normal"]
[Board "8"]
[WhiteElo "1318"]
[BlackElo "1699"]
[PlyCount "168"]
[WhiteFideId "12973785"]
[BlackFideId "12999180"]
[EventCountry "GER"]
[EventRounds "11"]
[EventType "swiss"]
[EventDate "2016.05.14"]

1. e4 e5 2. Nc3 Nf6 3. g3 Nc6 4. Bg2 Bc5 5. Nge2 d6 6. O-O O-O 7. Na4 Bb6 8.
Nxb6 axb6 9. d4 h6 10. f4 Bg4 11. dxe5 dxe5 12. Qxd8 Raxd8 13. Nc3 Bd7 14. fxe5
Nxe5 15. Bxh6 Nfg4 16. Bf4 Rfe8 17. Nd5 Bb5 18. Nxc7 Bxf1 19. Nxe8 Bxg2 20.
Kxg2 Rxe8 21. b3 Nc6 22. e5 Ngxe5 23. Re1 Re6 24. Rd1 Kh7 25. Kf1 Ng4 26. Rd2
Nf6 27. Bc7 b5 28. Rd1 Nb4 29. Rd2 Nxa2 30. c4 Nc3 31. Ba5 Nce4 32. Rd4 bxc4
33. Rxc4 b6 34. Be1 Ng4 35. Kg1 Nef6 36. Bc3 Ne3 37. Rc7 Ned5 38. Rc4 Nxc3 39.
Rxc3 Re1+ 40. Kf2 Ne4+ 41. Kxe1 Nxc3 42. Kd2 Nb5 43. Kd3 Kg6 44. Kc4 Na7 45.
Kd5 Kf5 46. Kd6 Nb5+ 47. Kd7 Kf6 48. Ke8 Nd4 49. b4 Nc6 50. b5 Nd4 51. Kd7 Nxb5
52. Kc6 Nd4+ 53. Kxb6 Nf3 54. h3 g5 55. Kc5 Ng1 56. Kd4 Nxh3 57. Ke3 Kf5 58.
Kf3 g4+ 59. Kg2 Ke4 60. Kh1 f5 61. Kh2 Kf3 62. Kh1 Ng5 63. Kh2 Ne6 64. Kh1 Kxg3
65. Kg1 Kh3 66. Kf1 Kh2 67. Kf2 g3+ 68. Kf3 g2 69. Ke3 g1=Q+ 70. Kd3 Qg4 71.
Ke3 Kg2 72. Kd3 Qf4 73. Ke2 Qf3+ 74. Kd2 Qe4 75. Kc3 Qd5 76. Kc2 Qd4 77. Kb3
Qc5 78. Kb2 Qc4 79. Ka3 Qb5 80. Ka2 Kf2 81. Ka3 Ke2 82. Ka2 Kd2 83. Ka1 Kc2 84.
Ka2 Qa4# 0-1

[Event "DEM U12w 2016"]
[Site "Willingen GER"]
[Date "2016.05.16"]
[Round "3"]
[White "Peglau, Mirjam"]
[Black "Dietz, Kristin"]
[Result "1-0"]
[Termination "normal"]
[Board "9"]
[WhiteElo "1314"]
[BlackElo "1432"]
[PlyCount "41"]
[WhiteFideId "16211138"]
[BlackFideId "12993743"]
[EventCountry "GER"]
[EventRounds "11"]
[EventType "swiss"]
[EventDate "2016.05.14"]

1. e4 c5 2. Nf3 d6 3. d4 cxd4 4. Nxd4 Nf6 5. Nc3 g6 6. Be3 Bg7 7. f3 O-O 8. Qd2
Nc6 9. Bc4 Bd7 10. g4 Ne5 11. Bb3 b5 12. h4 a5 13. h5 a4 14. Bd5 Nxd5 15. Nxd5
Nc4 16. Qc1 Nxe3 17. Qxe3 Qa5+ 18. c3 e6 19. Ne7+ Kh8 20. hxg6 Qd8 21. Rxh7#
1-0

[Event "DEM U12w 2016"]
[Site "Willingen GER"]
[Date "2016.05.16"]
[Round "3"]
[White "Bohrer, Katharina"]
[Black "Meijerink, Inken"]
[Result "0-1"]
[Termination "normal"]
[Board "10"]
[WhiteElo "1406"]
[BlackElo "1306"]
[PlyCount "56"]
[WhiteFideId "16225457"]
[BlackFideId "16225465"]
[EventCountry "GER"]
[EventRounds "11"]
[EventType "swiss"]
[EventDate "2016.05.14"]

1. e4 c5 2. Nf3 Nc6 3. d4 cxd4 4. Nxd4 g6 5. Be3 Bg7 6. Nc3 Nf6 7. Bc4 O-O 8.
O-O Ng4 9. Nxc6 Nxe3 10. fxe3 bxc6 11. Qf3 e6 12. Rad1 Qe7 13. Bb3 Bb7 14. Rd2
d5 15. Rfd1 Rad8 16. exd5 cxd5 17. Qe2 Bh6 18. Qf3 d4 19. Qh3 Bxe3+ 20. Kf1
Bxd2 21. Rxd2 dxc3 22. Qxc3 Rxd2 23. Qxd2 Qf6+ 24. Kg1 Rd8 25. Qe2 Qxb2 26. h3
Qc1+ 27. Kh2 Rd2 28. Qc4 Rxg2# 0-1

[Event "DEM U12w 2016"]
[Site "Willingen GER"]
[Date "2016.05.16"]
[Round "3"]
[White "Limbach, Anna-Lena"]
[Black "Orlova, Alicia"]
[Result "1/2-1/2"]
[Termination "normal"]
[Board "11"]
[WhiteElo "1365"]
[BlackElo "1285"]
[PlyCount "109"]
[WhiteFideId "12980412"]
[BlackFideId "34154563"]
[EventCountry "GER"]
[EventRounds "11"]
[EventType "swiss"]
[EventDate "2016.05.14"]

1. c4 Nc6 2. g3 e5 3. Bg2 Nf6 4. Nc3 d6 5. d3 Be6 6. Nf3 h6 7. h3 Be7 8. O-O
Qd7 9. Kh2 O-O-O 10. d4 Bxc4 11. b3 Ba6 12. Rb1 exd4 13. Nxd4 d5 14. a3 Bc5 15.
Nxc6 bxc6 16. b4 Bb6 17. Na4 d4 18. Qc2 d3 19. Nxb6+ axb6 20. Qxc6 Qxc6 21.
Bxc6 dxe2 22. Re1 Rd1 23. Be3 Rxb1 24. Rxb1 Rd8 25. Ba4 Ne4 26. Re1 Nc3 27. Bb3
Nd1 28. a4 Rd3 29. Bc2 Rd8 30. b5 Nxe3 31. fxe3 Rd2 32. Bf5+ Kb8 33. bxa6 Ka7
34. Bc8 c5 35. Bg4 Kxa6 36. Bxe2+ Ka5 37. Kg1 Kxa4 38. Kf1 b5 39. Ra1+ Kb4 40.
Rb1+ Kc3 41. Ke1 Rb2 42. Rxb2 Kxb2 43. Bxb5 Kc3 44. Ke2 c4 45. Kf3 Kb3 46.
Bxc4+ Kxc4 47. Ke4 g6 48. g4 f6 49. h4 Kc5 50. g5 hxg5 51. hxg5 fxg5 52. Kf3
Kd5 53. Kg4 Ke4 54. Kxg5 Kxe3 55. Kxg6 1/2-1/2

[Event "DEM U12w 2016"]
[Site "Willingen GER"]
[Date "2016.05.16"]
[Round "3"]
[White "Diederich, Greta"]
[Black "Reuter, Elisa"]
[Result "1-0"]
[Termination "normal"]
[Board "12"]
[WhiteElo "1215"]
[BlackElo "1591"]
[PlyCount "59"]
[WhiteFideId "12988618"]
[BlackFideId "12995444"]
[EventCountry "GER"]
[EventRounds "11"]
[EventType "swiss"]
[EventDate "2016.05.14"]

1. e4 c5 2. Nc3 Nc6 3. f4 g6 4. Nf3 Bg7 5. Bc4 e6 6. a4 Nge7 7. d3 d5 8. Ba2
O-O 9. O-O b6 10. Qe1 Nd4 11. Nxd4 Bxd4+ 12. Kh1 Bg7 13. f5 exf5 14. Qh4 Bb7
15. Bg5 f6 16. Bh6 fxe4 17. Bxg7 Kxg7 18. dxe4 d4 19. Ne2 f5 20. Nf4 Bc8 21.
Rae1 Nc6 22. Qg3 Re8 23. h4 Nb4 24. Bb3 fxe4 25. h5 g5 26. Nh3 Kh8 27. Nxg5 Re7
28. Nf7+ Rxf7 29. Rxf7 e3 30. Qg7# 1-0

[Event "DEM U12w 2016"]
[Site "Willingen GER"]
[Date "2016.05.16"]
[Round "3"]
[White "Gehrke, Gina Celina"]
[Black "Kieckbusch, Lotta"]
[Result "1/2-1/2"]
[Termination "normal"]
[Board "13"]
[WhiteElo "1519"]
[BlackElo "993"]
[PlyCount "47"]
[WhiteFideId "16205979"]
[BlackFideId "16214390"]
[EventCountry "GER"]
[EventRounds "11"]
[EventType "swiss"]
[EventDate "2016.05.14"]

1. d4 Nf6 2. e3 e6 3. Bd3 c5 4. c3 b6 5. Nd2 Bb7 6. f3 Be7 7. Qe2 Nc6 8. f4 O-O
9. Ngf3 Qc7 10. O-O d6 11. Ne4 Nxe4 12. Bxe4 f5 13. Bd3 Bf6 14. Nd2 Ne7 15. e4
cxd4 16. cxd4 Bxd4+ 17. Kh1 Rac8 18. exf5 exf5 19. Qe6+ Kh8 20. Nf3 Bc5 21. Ng5
Bd5 22. Qe2 Rf6 23. Qh5 h6 24. Bd2 1/2-1/2

[Event "DEM U12w 2016"]
[Site "Willingen GER"]
[Date "2016.05.16"]
[Round "3"]
[White "Reichelt, Lena"]
[Black "Liu, Sijia Anna"]
[Result "1-0"]
[Termination "normal"]
[Board "14"]
[WhiteElo "1261"]
[BlackElo "1357"]
[PlyCount "121"]
[WhiteFideId "12981184"]
[BlackFideId "12989746"]
[EventCountry "GER"]
[EventRounds "11"]
[EventType "swiss"]
[EventDate "2016.05.14"]

1. e4 c5 2. Nf3 Nc6 3. d4 cxd4 4. Nxd4 g6 5. Nc3 Bg7 6. Be3 Nf6 7. Bc4 Qa5 8.
Bb3 Nxe4 9. Nxc6 bxc6 10. Bd4 Nxc3 11. bxc3 O-O 12. O-O Bb7 13. Bxg7 Kxg7 14.
Qxd7 Ba6 15. Rfd1 Qc5 16. Rab1 Rad8 17. Qc7 Rd6 18. Rxd6 exd6 19. Rd1 d5 20.
Bxd5 Qxc3 21. Qxc6 Qxc6 22. Bxc6 Rb8 23. Ba4 Rb4 24. Bb3 Re4 25. h3 Bc4 26. Rd7
a6 27. f3 Be6 28. fxe4 Bxd7 29. Kf2 Be6 30. c4 Kf6 31. Ke3 Ke5 32. c5 h6 33. g3
f5 34. Bxe6 Kxe6 35. exf5+ Kxf5 36. c6 Ke6 37. Ke4 Kd6 38. c7 Kxc7 39. Ke5 Kd7
40. Kf6 g5 41. g4 a5 42. Kg6 Ke6 43. Kxh6 Kf6 44. a4 Kf7 45. Kxg5 Kg7 46. h4
Kh7 47. Kf6 Kh8 48. Kf7 Kh7 49. g5 Kh8 50. h5 Kh7 51. g6+ Kh6 52. g7 Kxh5 53.
g8=Q Kh4 54. Qg6 Kh3 55. Qg5 Kh2 56. Qg4 Kh1 57. Kf6 Kh2 58. Kf5 Kh1 59. Kf4
Kh2 60. Kf3 Kh1 61. Qg2# 1-0

[Event "DEM U12w 2016"]
[Site "Willingen GER"]
[Date "2016.05.16"]
[Round "3"]
[White "Delgado, Celina"]
[Black "Wucherer, Sophie"]
[Result "1-0"]
[Termination "normal"]
[Board "15"]
[WhiteElo "1405"]
[BlackElo "1171"]
[PlyCount "125"]
[WhiteFideId "12993735"]
[BlackFideId "16225473"]
[EventCountry "GER"]
[EventRounds "11"]
[EventType "swiss"]
[EventDate "2016.05.14"]

1. e4 d5 2. exd5 Qxd5 3. Nc3 Qa5 4. d4 c6 5. Nf3 Nf6 6. Bd2 Qc7 7. Bc4 Bf5 8.
Qe2 e6 9. O-O-O Bb4 10. a3 Ba5 11. Rhe1 Nbd7 12. h3 Nb6 13. Bb3 O-O 14. g4 Bg6
15. Ne5 Rae8 16. h4 h6 17. f4 Nbd5 18. Nxd5 Bxd2+ 19. Qxd2 Nxd5 20. g5 Bh5 21.
Qf2 Bxd1 22. Rxd1 h5 23. Bxd5 cxd5 24. f5 g6 25. fxg6 fxg6 26. Qe2 Kh7 27. Rf1
a6 28. Qd3 Rxf1+ 29. Qxf1 Qg7 30. Qd3 Rf8 31. Qe3 Rf5 32. Qg3 Qc7 33. Qe3 Qa5
34. c3 Qa4 35. Qe2 Rf4 36. Nf3 Qe8 37. Ne5 Rxh4 38. Qf2 Re4 39. Qf6 Qg8 40.
Qe7+ Qg7 41. Qxe6 Qf8 42. Qd7+ Kg8 43. Qxd5+ Kg7 44. Qxe4 Qf1+ 45. Kd2 Qf5 46.
Qxb7+ Kg8 47. Qd5+ Kg7 48. Qd7+ Kf8 49. Qxf5+ gxf5 50. Ke3 h4 51. Kf3 Kg7 52.
c4 Kf8 53. Kg2 f4 54. Kh3 Ke7 55. Kxh4 a5 56. g6 Kf8 57. c5 a4 58. c6 f3 59.
Nxf3 Kg7 60. c7 Kf8 61. c8=Q+ Kg7 62. Qe6 Kf8 63. Qf7# 1-0

[Event "DEM U12w 2016"]
[Site "Willingen GER"]
[Date "2016.05.16"]
[Round "3"]
[White "Hapke, Lara"]
[Black "Krömer, Paulina"]
[Result "1/2-1/2"]
[Termination "normal"]
[Board "16"]
[WhiteElo "971"]
[BlackElo "1643"]
[PlyCount "49"]
[WhiteFideId "12996572"]
[BlackFideId "16212363"]
[EventCountry "GER"]
[EventRounds "11"]
[EventType "swiss"]
[EventDate "2016.05.14"]

1. e4 d5 2. exd5 Qxd5 3. Nc3 Qa5 4. Nf3 Nf6 5. Bc4 Bf5 6. O-O e6 7. d3 c6 8.
Re1 Bd6 9. Ne4 Be7 10. Nxf6+ Bxf6 11. Bf4 O-O 12. Ne5 Rd8 13. Qf3 Nd7 14. Nxd7
Rxd7 15. c3 Rad8 16. d4 h6 17. Qg3 Bg6 18. Be5 Bxe5 19. Rxe5 Qb6 20. Bb3 Qc7
21. Qf3 b6 22. h3 c5 23. Ree1 cxd4 24. cxd4 Rxd4 25. Rac1 1/2-1/2

[Event "DEM U12w 2016"]
[Site "Willingen GER"]
[Date "2016.05.16"]
[Round "3"]
[White "Rudolph, Eva"]
[Black "Fuchs, Emily"]
[Result "1/2-1/2"]
[Termination "normal"]
[Board "17"]
[WhiteElo "1558"]
[BlackElo "1027"]
[PlyCount "89"]
[WhiteFideId "16200594"]
[BlackFideId "16208986"]
[EventCountry "GER"]
[EventRounds "11"]
[EventType "swiss"]
[EventDate "2016.05.14"]

1. e4 e5 2. Nf3 Nc6 3. Bc4 Nf6 4. d3 Bc5 5. c3 d5 6. exd5 Nxd5 7. O-O Bg4 8. h3
Bh5 9. Nbd2 O-O 10. Ne4 Bb6 11. Re1 Qd7 12. Ng3 Bxf3 13. Qxf3 Nf6 14. Bb3 Rad8
15. Bc2 h6 16. Bxh6 Qd5 17. Qf5 e4 18. Qxd5 Rxd5 19. dxe4 Rb5 20. Bc1 Ne5 21.
Nf5 Rd8 22. a4 Rc5 23. Be3 Ra5 24. b4 Ra6 25. Bc1 Nd3 26. Bxd3 Rxd3 27. a5 c5
28. e5 Nd5 29. bxc5 Rxa5 30. Rxa5 Bxa5 31. Be3 Rxc3 32. Rb1 Nxe3 33. Nxe3 Bc7
34. Rxb7 Bxe5 35. Rxa7 Bd4 36. Ra8+ Kh7 37. Rc8 Bxe3 38. fxe3 Rxe3 39. Kf2 Rc3
40. Rc7 Kg6 41. Ke2 Kf6 42. Kd2 Rg3 43. Ke2 Rxg2+ 44. Kf3 Rc2 45. Ke4 1/2-1/2

[Event "DEM U12w 2016"]
[Site "Willingen GER"]
[Date "2016.05.16"]
[Round "3"]
[White "Zell, Hannah"]
[Black "Schmidt, Pauline"]
[Result "1-0"]
[Termination "normal"]
[Board "18"]
[WhiteElo "1371"]
[BlackElo "1142"]
[PlyCount "101"]
[WhiteFideId "16208900"]
[BlackFideId "16209850"]
[EventCountry "GER"]
[EventRounds "11"]
[EventType "swiss"]
[EventDate "2016.05.14"]

1. e4 e5 2. Nf3 Nc6 3. Bb5 Bc5 4. c3 d6 5. h3 a6 6. Ba4 b5 7. Bc2 Bb7 8. O-O
Nf6 9. Re1 O-O 10. d4 Bb6 11. b3 h6 12. Bb2 Nh5 13. dxe5 dxe5 14. Qxd8 Raxd8
15. Nbd2 Nf4 16. c4 Rfe8 17. Rad1 Nd4 18. Nxd4 Bxd4 19. Bxd4 exd4 20. f3 d3 21.
Bb1 bxc4 22. Nxc4 Ne2+ 23. Kf2 Nc3 24. Rxd3 Rxd3 25. Bxd3 Nxa2 26. Be2 Nb4 27.
Rd1 Nc6 28. Rd7 Re7 29. Rxe7 Nxe7 30. Ne5 f6 31. Bc4+ Kh7 32. Nd7 Ng6 33. Nc5
Ne5 34. Nxb7 Nxc4 35. bxc4 Kg6 36. Ke3 Kg5 37. g3 g6 38. f4+ Kh5 39. g4+ Kh4
40. f5 g5 41. e5 fxe5 42. f6 Kxh3 43. f7 Kxg4 44. f8=Q h5 45. Qf3+ Kh4 46. Qe4+
Kh3 47. Qxe5 h4 48. Qxc7 Kg2 49. Qg7 h3 50. Qxg5+ Kf1 51. Qg3 1-0

[Event "DEM U12w 2016"]
[Site "Willingen GER"]
[Date "2016.05.16"]
[Round "3"]
[White "Stowicek, Yara Mathilda"]
[Black "Wittich, Carlotta"]
[Result "1-0"]
[Termination "normal"]
[Board "19"]
[WhiteElo "1394"]
[BlackElo "952"]
[PlyCount "71"]
[WhiteFideId "16203569"]
[BlackFideId "16217411"]
[EventCountry "GER"]
[EventRounds "11"]
[EventType "swiss"]
[EventDate "2016.05.14"]

1. e4 e5 2. Nf3 Nc6 3. Bc4 Bc5 4. c3 Nf6 5. d3 d6 6. O-O O-O 7. h3 Be6 8. Bb3
Ne7 9. Nbd2 Ng6 10. Re1 Qd7 11. Bxe6 fxe6 12. d4 exd4 13. cxd4 Bb6 14. Nf1 Rad8
15. Ng3 c5 16. dxc5 dxc5 17. Qxd7 Rxd7 18. Be3 Rc8 19. Rac1 a5 20. a3 Rd6 21.
Ng5 Rdc6 22. Rc2 Ba7 23. Bd2 b6 24. Bc3 Bb8 25. Nf1 h6 26. Nf3 Be5 27. Bxe5
Nxe5 28. Nxe5 Rd6 29. Rd2 Rxd2 30. Nxd2 b5 31. Nb3 a4 32. Na5 b4 33. axb4 cxb4
34. Nac6 b3 35. Ne7+ Kf8 36. Nxc8 1-0

[Event "DEM U12w 2016"]
[Site "Willingen GER"]
[Date "2016.05.16"]
[Round "3"]
[White "Schwegler, Jelena"]
[Black "Kriuckova, Sonia"]
[Result "1-0"]
[Termination "normal"]
[Board "20"]
[WhiteElo "912"]
[BlackElo "1231"]
[PlyCount "45"]
[WhiteFideId "16225481"]
[BlackFideId "16204310"]
[EventCountry "GER"]
[EventRounds "11"]
[EventType "swiss"]
[EventDate "2016.05.14"]

1. e4 c5 2. d4 cxd4 3. c3 dxc3 4. Nxc3 d6 5. Nf3 Nc6 6. Bc4 e6 7. O-O h6 8. Qe2
Nge7 9. Rd1 Ng6 10. Bb5 Qc7 11. b3 a6 12. Bxc6+ Qxc6 13. Qe3 b5 14. Bb2 f5 15.
exf5 Ne7 16. fxe6 Bb7 17. Qf4 O-O-O 18. Rac1 g5 19. Qf6 Kb8 20. Qxh8 g4 21. Ne1
Ng6 22. Qd4 h5 23. Nd5 1-0

[Event "DEM U12w 2016"]
[Site "Willingen GER"]
[Date "2016.05.17"]
[Round "5"]
[White "Khamenya, Vitalia"]
[Black "Ziegenfuß, Antonia"]
[Result "1-0"]
[Termination "normal"]
[Board "1"]
[WhiteElo "1611"]
[BlackElo "1560"]
[WhiteClock "00:18:29"]
[BlackClock "00:14:13"]
[PlyCount "51"]
[WhiteFideId "12959260"]
[BlackFideId "12962554"]
[EventCountry "GER"]
[EventRounds "11"]
[EventType "swiss"]
[EventDate "2016.05.14"]

1. e4 e5 2. Bc4 Nc6 3. d3 Nf6 4. Nc3 Be7 5. f4 d6 6. Nf3 O-O 7. f5 Na5 8. g4
Nxc4 9. dxc4 Nd7 10. h4 c6 11. Be3 f6 12. g5 Kh8 13. g6 Nb6 14. b3 d5 15. cxd5
Bb4 16. Qd3 cxd5 17. O-O-O d4 18. Ne2 Qc7 19. Bd2 Ba3+ 20. Kb1 Bd7 21. Rdg1 a6
22. Ne1 Bb5 23. Qf3 Rac8 24. Qh5 h6 25. Bxh6 gxh6 26. g7+ 1-0

[Event "DEM U12w 2016"]
[Site "Willingen GER"]
[Date "2016.05.17"]
[Round "5"]
[White "Otterpohl, Isabel"]
[Black "Schnabel, Luise"]
[Result "1/2-1/2"]
[Termination "normal"]
[Board "2"]
[WhiteElo "1699"]
[BlackElo "1621"]
[WhiteClock "00:14:33"]
[BlackClock "00:09:12"]
[PlyCount "51"]
[WhiteFideId "12999180"]
[BlackFideId "12943347"]
[EventCountry "GER"]
[EventRounds "11"]
[EventType "swiss"]
[EventDate "2016.05.14"]

1. e4 c5 2. c3 d5 3. exd5 Qxd5 4. d4 g6 5. Nf3 Bg7 6. Be3 Nf6 7. Be2 Ng4 8. Bf4
cxd4 9. cxd4 O-O 10. O-O Nc6 11. Nc3 Qd8 12. h3 Nf6 13. Qd2 Bf5 14. Rfd1 e6 15.
Rac1 Rc8 16. b3 a6 17. d5 exd5 18. Nxd5 Nxd5 19. Qxd5 Qxd5 20. Rxd5 Rfd8 21.
Rxd8+ Rxd8 22. Bxa6 Bb2 23. Rc5 Ba3 24. Rc3 Bb2 25. Rc5 Ba3 26. Rc3 1/2-1/2

[Event "DEM U12w 2016"]
[Site "Willingen GER"]
[Date "2016.05.17"]
[Round "5"]
[White "Kunisch, Nina"]
[Black "Schneider, Katharina"]
[Result "0-1"]
[Termination "normal"]
[Board "3"]
[WhiteElo "1480"]
[BlackElo "1565"]
[WhiteClock "00:30:44"]
[BlackClock "00:24:34"]
[PlyCount "122"]
[WhiteFideId "12982849"]
[BlackFideId "16200519"]
[EventCountry "GER"]
[EventRounds "11"]
[EventType "swiss"]
[EventDate "2016.05.14"]

1. e4 e5 2. Nf3 Nc6 3. Bb5 a6 4. Ba4 Nf6 5. d4 b5 6. Bb3 exd4 7. O-O d6 8. Ng5
Ne5 9. Bf4 Nc4 10. Nd2 h6 11. Ngf3 Nxd2 12. Qxd2 c5 13. c3 c4 14. Bc2 d3 15.
Bd1 Be7 16. Re1 O-O 17. a4 Be6 18. e5 Nh5 19. exd6 Bxd6 20. Bxd6 Qxd6 21. Nd4
Qf4 22. Qxf4 Nxf4 23. Bf3 Rab8 24. axb5 axb5 25. Nc6 Rb6 26. Nd4 Bd5 27. Bxd5
Nxd5 28. Re5 Nc7 29. Rc5 Rb7 30. Re1 Re8 31. Rd1 Ne6 32. Nxe6 Rxe6 33. Kf1 Re2
34. b3 cxb3 35. Rd5 b2 36. Rb1 Rc2 37. Rxd3 Rc1+ 38. Rd1 Rxd1+ 39. Rxd1 Ra7 40.
Ke2 Ra1 41. Kd2 b1=Q 42. Rxb1 Rxb1 43. Kc2 Ra1 44. Kb2 Ra8 45. Kb3 Rb8 46. Kb4
Kf8 47. f3 Ke7 48. Kc5 Rc8+ 49. Kb4 Rc4+ 50. Kb3 Kd6 51. Kc2 b4 52. Kd3 Rxc3+
53. Kd2 Kd5 54. f4 Kd4 55. g4 Rh3 56. Kc2 b3+ 57. Kb2 Kc4 58. g5 Rxh2+ 59. Kc1
Kc3 60. Kd1 b2 61. gxh6 b1=Q# 0-1

[Event "DEM U12w 2016"]
[Site "Willingen GER"]
[Date "2016.05.17"]
[Round "5"]
[White "Peglau, Mirjam"]
[Black "Basovskiy, Jana"]
[Result "0-1"]
[Termination "normal"]
[Board "4"]
[WhiteElo "1314"]
[BlackElo "1365"]
[WhiteClock "00:35:51"]
[BlackClock "00:32:29"]
[PlyCount "116"]
[WhiteFideId "16211138"]
[BlackFideId "16208617"]
[EventCountry "GER"]
[EventRounds "11"]
[EventType "swiss"]
[EventDate "2016.05.14"]

1. e4 e5 2. Nf3 d6 3. Bc4 c6 4. d4 Nd7 5. dxe5 dxe5 6. Nc3 Be7 7. O-O Ngf6 8.
Re1 O-O 9. Be3 Qc7 10. Qd2 h6 11. h3 Rd8 12. Qe2 Nf8 13. Rad1 Be6 14. Bb3 Bxb3
15. axb3 Ne6 16. Rxd8+ Rxd8 17. Rd1 Rxd1+ 18. Qxd1 a6 19. Qd2 Bb4 20. Qd3 Nc5
21. Bxc5 Bxc5 22. Nd2 Bd4 23. Nf3 Ba7 24. Kf1 Nh5 25. Ne2 Qb6 26. Qe3 Qxe3 27.
fxe3 Bxe3 28. Nxe5 Nf6 29. Nc3 Bd4 30. Nf3 Bxc3 31. bxc3 Nxe4 32. c4 Kf8 33.
Ke1 Ke7 34. Ke2 Kf6 35. Ke3 Ng5 36. Nd4 Ke5 37. h4 Ne6 38. Nf3+ Kf5 39. Nh2 b5
40. cxb5 cxb5 41. c4 bxc4 42. bxc4 a5 43. g4+ Ke5 44. Kd3 a4 45. Kc3 a3 46. Kb3
Kd4 47. Nf3+ Ke4 48. Nd2+ Kf4 49. Kxa3 Kxg4 50. Kb4 Kxh4 51. c5 g5 52. Ne4 Kg4
53. Kb5 Kf4 54. Nf6 g4 55. Nh5+ Kf3 56. Kc4 g3 57. Nxg3 Kxg3 58. c6 h5 0-1